000 00565nam a2200145 4500
999 _c13330
_d13330
008 190301b ||||| |||| 00| 0 eng d
022 _a0746-8342
082 _aDPer 510.5 C697 Jan 2012-Sept 2015 v. 43 & 46, n. 1-4
100 _aBirgen, Brian J.
_937257
245 _aThe uniqueness of rock-paper-scissors-lizard-spock/
_cBrian J. Birgen.
260 _aWashington D. C.:
_bMathematical Association of America,
_c© Jul 2012-Sept 2015.
300 _av43 n4, pages 270-273:
_bIllustrations;
_c25 cm.
650 _aMathematics
_xGame strategy.
_937253
942 _2ddc
_cPER